000 00458nam a22001697a 4500
008 170323b xxu||||| |||| 00| p tur d
020 _a9751403383
041 _atur
050 _aPL234.B38
100 _aBatur, Enis
_936
245 _aPerişey Lirik Şiirler 1985-1992 1993 Cemal Süreya Ödülü
250 _a2. Baskı
260 _aİstanbul
_bRemzi Kitabevi
_cKasım 1993
300 _a167 sayfa
650 0 _9145
_aTürk Edebiyatı
942 _2lcc
_cBK
999 _c1045
_d1023